Aspectos de las relaciones entre las inversiones internacionales, el ingreso nacional y el movimiento de divisas en un país subdesarrollado (Record no. 7912)

MARC details
000 -CABECERA
campo de control de longitud fija 00840nam a2200241 a 4500
001 - NÚMERO DE CONTROL
campo de control BRCA_8244
005 - FECHA Y HORA DE LA ÚLTIMA TRANSACCIÓN
campo de control 20190320210207.0
008 - DATOS DE LONGITUD FIJA--INFORMACIÓN GENERAL
campo de control de longitud fija 270514s1956----mx-####f#m---#000-0#spa-#
041 ## - CÓDIGO DE LENGUA
Código de lengua del texto/banda sonora o título independiente spa
044 ## - CÓDIGO DEL PAÍS DE LA ENTIDAD EDITORA/PRODUCTORA
Código MARC del país mx
050 #4 - SIGNATURA TOPOGRÁFICA DE LA BIBLIOTECA DEL CONGRESO
Número de clasificación HJ2325
Número de documento/Ítem .M36 1956
100 1# - ENTRADA PRINCIPAL--NOMBRE DE PERSONA
Nombre de persona Mancera Aguayo, Miguel
9 (RLIN) 5009
245 10 - MENCIÓN DE TÍTULO
Título Aspectos de las relaciones entre las inversiones internacionales, el ingreso nacional y el movimiento de divisas en un país subdesarrollado
Mención de responsabilidad, etc. Miguel Mancera Aguayo
260 ## - PUBLICACIÓN, DISTRIBUCIÓN, ETC.
Lugar de publicación, distribución, etc. México
Fecha de publicación, distribución, etc. 1956
300 ## - DESCRIPCIÓN FÍSICA
Extensión 96 p.
Dimensiones 23 cm
500 ## - NOTA GENERAL
Nota general T78
502 ## - NOTA DE TESIS
Nota de tesis Tesis que presenta Miguel Mancera Aguayo que para obtener el título de Licenciado en Economía
504 ## - NOTA DE BIBLIOGRAFÍA, ETC.
Nota de bibliografía, etc. Bibliografía p. 95
650 14 - PUNTO DE ACCESO ADICIONAL DE MATERIA--TÉRMINO DE MATERIA
Término de materia o nombre geográfico como elemento de entrada Inversiones extranjeras
Subdivisión de forma Divisas
9 (RLIN) 20564
650 14 - PUNTO DE ACCESO ADICIONAL DE MATERIA--TÉRMINO DE MATERIA
Término de materia o nombre geográfico como elemento de entrada Ingreso nacional
Subdivisión de forma Finanzas
Subdivisión geográfica México
9 (RLIN) 20565
902 ## - CATALOGADOR
Iniciales GFM
942 ## - ELEMENTOS DE PUNTO DE ACCESO ADICIONAL (KOHA)
Fuente del sistema de clasificación o colocación Library of Congress Classification
Tipo de ítem Koha Libros
Holdings
Estado de retiro Estado de pérdida Estado dañado No para préstamo Localización permanente Ubicación/localización actual Fecha de adquisición Número de inventario Total de préstamos Signatura topográfica completa Código de barras Fecha visto por última vez Precio válido a partir de Tipo de ítem Koha
El ejemplar forma parte de la colección y puede ser consultado según las políticas vigentes.       Biblioteca del Museo Franz Mayer (Rogerio Casas-Alatriste) Biblioteca del Museo Franz Mayer (Rogerio Casas-Alatriste) 27/05/2014 T78   HJ2325 .M36 1956 (T78) 8868 22/03/2019 22/03/2019 Libros